=LDR 00000nam 2200000 4500 =001 INLIS000000000019580 =005 20130612114625 =008 ***********************************Ind** =035 ##$$0010-061300000019580 =041 ##$$a Ind =082 ##$$a 658.503 =090 ##$$a 658.503, Ass m =100 ##$$a Assauri, Sofyan =245 ##$$a Manajemen produksi dan operasi, Sofyan Assauri, SE, MBA =260 ##$$a 1999 $b Jakarta =300 ##$$a xix, 264 hlm, 25 cm =650 ##$$a Manajemen Produksi =850 ##$$a NBPNMAT =990 ##$$a 0001/BPAP-NTB/2016 =990 ##$$a 3626636266 =990 ##$$a 01200100003 =990 ##$$a 172.528/Pro.2002 =990 ##$$a 172.529/Pro.2002 =990 ##$$a 172.530/Pro.2002 =990 ##$$a 0001/BPAP-NTB/2016 =990 ##$$a 10681068